000 00792cab a22002055a 4500
001 L158477
008 150313e20150221xxk 000 0 eng d
035 _a(Sirsi) u158477
041 0 _aeng
100 1 _aDutton, Timothy
245 0 0 _aPutting a Price on Knowledge
260 _c2015
490 _aEstates Gazette
_v(1507) 21 February 2015, 78-80(3)
520 _aIn the second of two articles on development hope value, asks how much a hypothetical purchaser can be assumed to know. Examines the Cravecrest Case which considered two issues about development hope value that arose in the context of a collective enfranchisement under the Leasehold Reform Act 1993.
590 _aKA
651 4 _aUnited Kingdom
690 _aValuation
_96273
700 1 _aCardew, Maxim
942 _n0
999 _c84607
_d84607